[Event "Mistrzostwa Polski Niewidomych"]
[Site "Wagrowiec, ul. Jeziorna 16 OR"]
[Date "2018.??.??"]
[Round "2.10"]
[White "Filipiak, Rajmund"]
[Black "Pociejowski, Marek"]
[Result "0-1"]
[WhiteElo "1706"]
[BlackElo "1853"]
[PlyCount "190"]
[EventDate "2018.??.??"]

1. d4 d5 2. Nf3 Nf6 3. Bf4 e6 4. e3 Be7 5. h3 Nbd7 6. Bd3 c5 7. c3 a6 8. a4 b6
9. O-O Bb7 10. Nbd2 Rc8 11. Qe2 a5 12. Ne5 O-O 13. Ndf3 Ne4 14. Nxd7 Qxd7 15.
Ne5 Qd8 16. f3 Nd6 17. Qc2 f5 18. Qf2 Bh4 19. Bg3 Bg5 20. Bf4 Bh4 21. Bg3 Bf6
22. Qe2 Qe7 23. Rfe1 Rfd8 24. Qf2 Rf8 25. Qe2 Ra8 26. Qf2 Ba6 27. Bxa6 Rxa6 28.
Qe2 Raa8 29. Nc6 Qd7 30. Ne5 Bxe5 31. Bxe5 Nf7 32. Bg3 Rfe8 33. Be5 Qc6 34. Qd3
Red8 35. Bg3 c4 36. Qc2 Re8 37. e4 fxe4 38. fxe4 Ng5 39. exd5 exd5 40. Qf5 Ne4
41. Be5 Rf8 42. Qg4 g6 43. Rf1 Rae8 44. Rxf8+ Rxf8 45. Rf1 Rxf1+ 46. Kxf1 Kf7
47. Qf4+ Ke6 48. Bb8 Qb7 49. Qg4+ Ke7 50. Qh4+ Ke8 51. Be5 h5 52. Qf4 Qd7 53.
Bc7 Qe6 54. Qe5 Qxe5 55. dxe5 Nc5 56. Bxb6 Nxa4 57. Bxa5 Nxb2 58. Bb6 Nd3 59.
Bd4 Kd7 60. Ke2 Ke6 61. Ke3 Nxe5 62. Kf4 Nc6 63. Bh8 Nd8 64. g4 Nf7 65. Bd4
hxg4 66. hxg4 Kd6 67. Ke3 Kc6 68. Kd2 Nh6 69. g5 Nf7 70. Bf6 Kd6 71. Ke3 Ke6
72. Kd4 Nd6 73. Ke3 Ne4 74. Kd4 Nd6 75. Ke3 Nb5 76. Kd2 Kf5 77. Kc2 Ke4 78. Kd2
Nd6 79. Ke2 Nf5 80. Kd2 Kf4 81. Ke2 Nd6 82. Kd2 Ne4+ 83. Ke2 Nxg5 84. Bd4 Ne4
85. Kd1 Kf3 86. Ke1 g5 87. Kf1 g4 88. Kg1 Ke2 89. Kg2 Kd3 90. Bh8 Nxc3 91. Kg3
Ne4+ 92. Kxg4 d4 93. Bg7 c3 94. Kf5 Nd2 95. Ke5 c2 0-1

[Event "Mistrzostwa Polski Niewidomych"]
[Site "Wagrowiec, ul. Jeziorna 16 OR"]
[Date "2018.??.??"]
[Round "2.11"]
[White "Kulpinski, Piotr"]
[Black "Baryla, Lukasz"]
[Result "1-0"]
[WhiteElo "1852"]
[BlackElo "1726"]
[PlyCount "37"]
[EventDate "2018.??.??"]

1. d4 d5 2. c4 dxc4 3. e4 e5 4. d5 Nf6 5. Nc3 c6 6. Bxc4 b5 7. Bb3 b4 8. Na4
Nxe4 9. Qe2 f5 10. dxc6 Nxc6 11. Be3 a5 12. Qc4 Qf6 13. Rc1 Nd4 14. Bxd4 exd4
15. Qd5 Rb8 16. Rc7 Qd6 17. Qxa5 Qf4 18. Bf7+ Kd8 19. Rb7+ 1-0

[Event "Mistrzostwa Polski Niewidomych"]
[Site "Wagrowiec, ul. Jeziorna 16 OR"]
[Date "2018.??.??"]
[Round "2.12"]
[White "Traczyk, Tadeusz"]
[Black "Kizym, Lukasz"]
[Result "1-0"]
[WhiteElo "1817"]
[BlackElo "1722"]
[PlyCount "47"]
[EventDate "2018.??.??"]

1. e4 e5 2. d4 exd4 3. Qxd4 Nc6 4. Qe3 d6 5. Nc3 Nf6 6. Bd2 Be7 7. O-O-O O-O 8.
h3 Bd7 9. g4 h6 10. f4 Re8 11. g5 hxg5 12. fxg5 Nh7 13. h4 Be6 14. Bg2 Ne5 15.
Qg3 Ng6 16. Nf3 d5 17. exd5 Bxd5 18. h5 Bd6 19. Qf2 Nf4 20. Nxd5 Re2 21. Qf1
Rxd2 22. Rxd2 Nxd5 23. Rxd5 Bf4+ 24. Nd2 1-0

[Event "Mistrzostwa Polski Niewidomych"]
[Site "Wagrowiec, ul. Jeziorna 16 OR"]
[Date "2018.??.??"]
[Round "2.13"]
[White "Barnowski, Sylwester"]
[Black "Bojczewski, Mateusz"]
[Result "0-1"]
[WhiteElo "1787"]
[BlackElo "1662"]
[PlyCount "48"]
[EventDate "2018.??.??"]

1. d4 Nf6 2. f4 e6 3. Nf3 d5 4. e3 c5 5. c3 Nc6 6. Bd3 Bd6 7. O-O Qb6 8. Kh1
Bd7 9. Ne5 h5 10. Nd2 Bxe5 11. fxe5 Ng4 12. Nf3 f6 13. Bg6+ Ke7 14. exf6+ gxf6
15. e4 Rag8 16. exd5 Rxg6 17. dxc6 Bxc6 18. h3 Qc7 19. Qe2 Qg3 20. Qe1 Qc7 21.
g3 Nf2+ 22. Rxf2 Rxg3 23. Qf1 Rxf3 24. Rxf3 Qg3 0-1

[Event "Mistrzostwa Polski Niewidomych"]
[Site "Wagrowiec, ul. Jeziorna 16 OR"]
[Date "2018.??.??"]
[Round "2.15"]
[White "Szydlowski, Wiktor"]
[Black "Loroch, Zygfryd"]
[Result "1/2-1/2"]
[WhiteElo "1724"]
[BlackElo "1427"]
[PlyCount "39"]
[EventDate "2018.??.??"]

1. e4 e5 2. Nf3 Nc6 3. Bc4 d6 4. h3 h6 5. Nc3 Nf6 6. d3 Be7 7. a3 O-O 8. O-O a6
9. Nd5 Be6 10. Nxe7+ Nxe7 11. Bxe6 fxe6 12. Bd2 Nd7 13. Rb1 d5 14. Nh2 d4 15.
Qg4 Rf6 16. f4 exf4 17. Rxf4 Rxf4 18. Bxf4 Nf6 19. Qxe6+ Kh8 20. Bxh6 1/2-1/2

[Event "Mistrzostwa Polski Niewidomych"]
[Site "Wagrowiec, ul. Jeziorna 16 OR"]
[Date "2018.??.??"]
[Round "2.16"]
[White "Raczek, Stanislaw"]
[Black "Wegner, Wieslaw"]
[Result "1-0"]
[WhiteElo "1550"]
[BlackElo "1704"]
[PlyCount "57"]
[EventDate "2018.??.??"]

1. e4 e5 2. Nf3 Nc6 3. Be2 Nf6 4. d3 d5 5. exd5 Nxd5 6. c4 Bb4+ 7. Bd2 Bxd2+ 8.
Nbxd2 Nde7 9. O-O O-O 10. a3 g6 11. b4 a6 12. Re1 f6 13. Qb3 Bf5 14. Rad1 Nd4
15. Nxd4 Qxd4 16. Nf3 Qa7 17. Nh4 Be6 18. Qc2 f5 19. Rf1 Rfe8 20. Nf3 Nc6 21.
Qc3 Nd4 22. Qb2 c5 23. Nxd4 cxd4 24. Qd2 b5 25. c5 Re7 26. Bf3 Rae8 27. Bc6 Rd8
28. Qg5 Kf8 29. Qf6+ 1-0

[Event "Mistrzostwa Polski Niewidomych"]
[Site "Wagrowiec, ul. Jeziorna 16 OR"]
[Date "2018.??.??"]
[Round "2.18"]
[White "Hagner, Pawel"]
[Black "Tyszkiewicz, Adam"]
[Result "1/2-1/2"]
[WhiteElo "1698"]
[BlackElo "1520"]
[PlyCount "49"]
[EventDate "2018.??.??"]

1. d4 Nf6 2. Nf3 g6 3. Bf4 Bg7 4. e3 d6 5. Nbd2 a6 6. c3 c6 7. h3 d5 8. Be2 Bf5
9. O-O O-O 10. a4 Ne4 11. Qb3 b6 12. Rfe1 Nxd2 13. Nxd2 Nd7 14. Nf3 h6 15. Ne5
Nxe5 16. dxe5 Be6 17. Qc2 b5 18. Qd2 Qc7 19. h4 h5 20. Bf3 Qd7 21. e4 dxe4 22.
Qxd7 Bxd7 23. Bxe4 Rfc8 24. Red1 Be8 25. Rd2 1/2-1/2

[Event "Mistrzostwa Polski Niewidomych"]
[Site "Wagrowiec, ul. Jeziorna 16 OR"]
[Date "2018.??.??"]
[Round "2.19"]
[White "Spychala, Jozefa"]
[Black "Zelajtys, Jozef"]
[Result "0-1"]
[WhiteElo "1493"]
[BlackElo "1665"]
[PlyCount "34"]
[EventDate "2018.??.??"]

1. d4 Nf6 2. Nf3 d5 3. Bf4 Nbd7 4. e3 g6 5. Bd3 Bg7 6. O-O Nh5 7. Bg5 h6 8. Bh4
g5 9. Bg3 Nxg3 10. hxg3 e5 11. Nxe5 Nxe5 12. dxe5 Bxe5 13. c3 c6 14. f4 Bd6 15.
Qh5 Be6 16. f5 Bd7 17. g4 Qb6 0-1

[Event "Mistrzostwa Polski Niewidomych"]
[Site "Wagrowiec, ul. Jeziorna 16 OR"]
[Date "2018.??.??"]
[Round "2.20"]
[White "Zarow, Zdzislaw"]
[Black "Skiera, Edward"]
[Result "1-0"]
[WhiteElo "1663"]
[BlackElo "1500"]
[PlyCount "35"]
[EventDate "2018.??.??"]

1. e4 e5 2. Bc4 Bc5 3. d4 exd4 4. Bxf7+ Kxf7 5. Qh5+ g6 6. Qxc5 Nc6 7. Nf3 h6
8. Nxd4 Nxd4 9. Qxd4 Qf6 10. e5 Qe6 11. O-O Ne7 12. Nc3 Kg7 13. Nb5 Rb8 14.
Nxc7 Qb6 15. Qc3 Qc6 16. Bd2 Rf8 17. Rad1 Qxc3 18. Bxc3 1-0

[Event "Mistrzostwa Polski Niewidomych"]
[Site "Wagrowiec, ul. Jeziorna 16 OR"]
[Date "2018.??.??"]
[Round "2.21"]
[White "Oberc, Ryszard"]
[Black "Bialas, Stanislaw"]
[Result "1-0"]
[WhiteElo "1640"]
[BlackElo "1477"]
[PlyCount "45"]
[EventDate "2018.??.??"]

1. d4 g6 2. Nf3 Bg7 3. e4 d6 4. c3 Bg4 5. h3 Bd7 6. Bc4 h6 7. O-O c6 8. Qb3 d5
9. exd5 cxd5 10. Bxd5 Be6 11. Bxe6 fxe6 12. Qxb7 Nd7 13. Bf4 Ngf6 14. Nbd2 O-O
15. Ne5 Nxe5 16. Bxe5 Nd7 17. Bxg7 Kxg7 18. Qe4 Rb8 19. Nc4 Nb6 20. Ne3 Rf6 21.
Ng4 Qd5 22. Qxd5 exd5 23. Nxf6 1-0

[Event "Mistrzostwa Polski Niewidomych"]
[Site "Wagrowiec, ul. Jeziorna 16 OR"]
[Date "2018.??.??"]
[Round "2.22"]
[White "Inglot, Marian"]
[Black "Wyrzykowski, Jozef"]
[Result "0-1"]
[WhiteElo "1451"]
[BlackElo "1635"]
[PlyCount "72"]
[EventDate "2018.??.??"]

1. e4 e5 2. Nf3 Nc6 3. d4 exd4 4. Bc4 Be7 5. Nxd4 Nf6 6. Nxc6 bxc6 7. e5 Ng8 8.
Qf3 f6 9. exf6 Nxf6 10. Bg5 d5 11. Bd3 Bg4 12. Qe3 O-O 13. Qf4 Bd6 14. Qd2 Qe7+
15. Qe3 Rae8 16. O-O Qxe3 17. fxe3 Be5 18. Nc3 h6 19. Bxf6 Bxf6 20. Rae1 Bh5
21. Rf5 Bf7 22. Rf3 Re7 23. Ne2 Bxb2 24. Ng3 g6 25. Rf4 Be5 26. Rg4 Bxg3 27.
Rxg3 Kg7 28. Rf1 g5 29. h4 Re5 30. Rf5 Rxf5 31. Bxf5 Bg6 32. Bxg6 Kxg6 33. hxg5
hxg5 34. Rg4 Rb8 35. Ra4 Rb1+ 36. Kf2 Rb2 0-1

[Event "Mistrzostwa Polski Niewidomych"]
[Site "Wagrowiec, ul. Jeziorna 16 OR"]
[Date "2018.??.??"]
[Round "2.23"]
[White "Kulik, Roman"]
[Black "Jagiello, Adolf"]
[Result "1-0"]
[WhiteElo "1623"]
[BlackElo "1278"]
[PlyCount "48"]
[EventDate "2018.??.??"]

1. d4 d5 2. Nf3 f6 3. Bf4 e6 4. Nbd2 Ne7 5. e4 dxe4 6. Nxe4 Ng6 7. Bg3 Nc6 8.
c3 Be7 9. Bd3 Nf8 10. O-O h6 11. h3 b6 12. Bb5 Bd7 13. Qe2 Ng6 14. Rfe1 Qc8 15.
Ned2 Nd8 16. Rad1 Kf7 17. Bc4 Bd6 18. Nf1 Re8 19. Ne3 Re7 20. Nf5 Re8 21. a3 b5
22. Nxd6+ cxd6 23. Bxb5 Rb8 24. Bxd7 Qxd7 1-0

[Event "Mistrzostwa Polski Niewidomych"]
[Site "Wagrowiec, ul. Jeziorna 16 OR"]
[Date "2018.??.??"]
[Round "2.24"]
[White "Czarnecki, Zbigniew"]
[Black "Bzowski, Grzegorz"]
[Result "0-1"]
[WhiteElo "1337"]
[BlackElo "1621"]
[PlyCount "48"]
[EventDate "2018.??.??"]

1. e4 e6 2. d4 d5 3. Nd2 Nf6 4. Bd3 Be7 5. Ngf3 O-O 6. O-O c5 7. c3 Nc6 8. Re1
cxd4 9. cxd4 dxe4 10. Nxe4 h6 11. Be3 Nd5 12. Ng3 Qb6 13. Qc2 Bd7 14. Ne5 Nxe5
15. dxe5 Nxe3 16. Rxe3 Rac8 17. Qe2 Bc5 18. Re4 Bc6 19. Rh4 Bd4 20. Rxh6 Bxf2+
21. Kf1 gxh6 22. Qh5 Qe3 23. Be2 Bxg3 24. hxg3 Qg5 0-1

[Event "Mistrzostwa Polski Niewidomych"]
[Site "Wagrowiec, ul. Jeziorna 16 OR"]
[Date "2018.??.??"]
[Round "2.26"]
[White "Lazuka, Jan"]
[Black "Binkowski, Kazimierz"]
[Result "0-1"]
[WhiteElo "1274"]
[BlackElo "1600"]
[PlyCount "30"]
[EventDate "2018.??.??"]

1. e4 c5 2. Nc3 e5 3. Bc4 Nf6 4. Nf3 Bd6 5. d3 O-O 6. O-O Nc6 7. Nd5 h6 8. a3
Be7 9. Nxe7+ Qxe7 10. Bd2 d6 11. Re1 Bg4 12. Bd5 Nd4 13. Re3 Rab8 14. c3 Nxf3+
15. gxf3 Bh3 0-1

[Event "Mistrzostwa Polski Niewidomych"]
[Site "Wagrowiec, ul. Jeziorna 16 OR"]
[Date "2018.??.??"]
[Round "3.1"]
[White "Czajkowski, Adam"]
[Black "Kulpinski, Piotr"]
[Result "1-0"]
[WhiteElo "2223"]
[BlackElo "1852"]
[PlyCount "43"]
[EventDate "2018.??.??"]

1. e4 e6 2. d3 d5 3. Qe2 dxe4 4. dxe4 b6 5. Nf3 Ba6 6. c4 Nc6 7. Nc3 Bb4 8. Qc2
Nge7 9. Bg5 f6 10. Rd1 Qc8 11. Be3 O-O 12. a3 Bxc3+ 13. Qxc3 Ng6 14. Be2 Nce5
15. Nd4 c5 16. Nb5 Nc6 17. b4 Nce7 18. bxc5 bxc5 19. O-O e5 20. g3 Qc6 21. Rd6
Qxe4 22. Rxa6 1-0

[Event "Mistrzostwa Polski Niewidomych"]
[Site "Wagrowiec, ul. Jeziorna 16 OR"]
[Date "2018.??.??"]
[Round "3.2"]
[White "Pociejowski, Marek"]
[Black "Dukaczewski, Piotr"]
[Result "0-1"]
[WhiteElo "1853"]
[BlackElo "2221"]
[PlyCount "78"]
[EventDate "2018.??.??"]

1. d4 Nf6 2. c4 g6 3. Nc3 Bg7 4. e4 d6 5. f4 O-O 6. Nf3 Na6 7. Be2 e5 8. fxe5
dxe5 9. d5 Nc5 10. Qc2 Nfxe4 11. Nxe4 Bf5 12. Bg5 Bxe4 13. Bxd8 Bxc2 14. Be7 b6
15. Bxf8 Rxf8 16. O-O e4 17. Ne1 Ba4 18. Rb1 Bd7 19. b3 f5 20. g3 g5 21. Ng2
Be5 22. Rbd1 f4 23. gxf4 gxf4 24. Nh4 Bh3 25. Rf2 Rf6 26. Kh1 Kf8 27. Bf1 Bg4
28. Re1 f3 29. b4 Bc3 30. Rb1 Nd7 31. Rc2 Be5 32. c5 Rh6 33. d6 Rxh4 34. c6
Bxd6 35. cxd7 Bxd7 36. Bc4 e3 37. Bd5 f2 38. h3 Bxh3 39. Rc4 Bg4+ 0-1

[Event "Mistrzostwa Polski Niewidomych"]
[Site "Wagrowiec, ul. Jeziorna 16 OR"]
[Date "2018.??.??"]
[Round "3.3"]
[White "Bojczewski, Mateusz"]
[Black "Migala, Andrzej"]
[Result "1-0"]
[WhiteElo "1662"]
[BlackElo "2030"]
[PlyCount "71"]
[EventDate "2018.??.??"]

1. e4 c5 2. b3 d6 3. Bb2 e5 4. Nc3 Nf6 5. Bb5+ Bd7 6. Bxd7+ Qxd7 7. f4 Nc6 8.
Nge2 h5 9. O-O h4 10. d3 Nd4 11. Nd5 Be7 12. Nxf6+ Bxf6 13. Nc3 exf4 14. Rxf4
Be5 15. Rf1 O-O-O 16. Kh1 Kb8 17. Nd5 Nc6 18. c3 Rh6 19. d4 Bg3 20. Qf3 cxd4
21. cxd4 Rdh8 22. Kg1 h3 23. hxg3 hxg2 24. Kxg2 Rh2+ 25. Kg1 Rxb2 26. Qxf7 Qh3
27. Qf8+ Rxf8 28. Rxf8+ Qc8 29. Rxc8+ Kxc8 30. Rc1 Kd7 31. Rf1 Nxd4 32. Rf7+
Kc8 33. Rc7+ Kb8 34. Rxg7 a5 35. Rd7 Rxa2 36. Rxd6 1-0

[Event "Mistrzostwa Polski Niewidomych"]
[Site "Wagrowiec, ul. Jeziorna 16 OR"]
[Date "2018.??.??"]
[Round "3.4"]
[White "Stachanczyk, Jacek"]
[Black "Traczyk, Tadeusz"]
[Result "1-0"]
[WhiteElo "2193"]
[BlackElo "1817"]
[PlyCount "61"]
[EventDate "2018.??.??"]

1. c4 Nf6 2. Nc3 g6 3. e4 d6 4. d4 Bg7 5. Nf3 c6 6. Be2 O-O 7. O-O Nbd7 8. h3
a6 9. Be3 b5 10. a3 Bb7 11. Qc2 Rc8 12. Rfd1 Qc7 13. Bf4 e5 14. Bh2 Rfe8 15. c5
Nh5 16. cxd6 Qxd6 17. dxe5 Qe7 18. g4 Nxe5 19. gxh5 Nxf3+ 20. Bxf3 gxh5 21. Bg2
Qg5 22. Qd2 Qf6 23. Qf4 Qe7 24. Rd2 c5 25. Nd5 Bxd5 26. exd5 Be5 27. Qxe5 Qxe5
28. Bxe5 Rxe5 29. d6 Rd8 30. d7 Re7 31. Rad1 1-0

[Event "Mistrzostwa Polski Niewidomych"]
[Site "Wagrowiec, ul. Jeziorna 16 OR"]
[Date "2018.??.??"]
[Round "3.5"]
[White "Suder, Ryszard"]
[Black "Sargalski, Andrzej"]
[Result "1/2-1/2"]
[WhiteElo "2063"]
[BlackElo "1811"]
[PlyCount "72"]
[EventDate "2018.??.??"]

1. Nf3 Nf6 2. d4 d5 3. c4 e6 4. g3 c5 5. Bg2 cxd4 6. Nxd4 Bb4+ 7. Nd2 O-O 8.
Qb3 Nc6 9. Nxc6 Bxd2+ 10. Bxd2 bxc6 11. O-O Ba6 12. cxd5 cxd5 13. Rfe1 Bc4 14.
Qa4 a6 15. Rac1 Rc8 16. e3 Qd7 17. Qxd7 Nxd7 18. b3 Bb5 19. Bb4 Rfe8 20. Bd6
Nf6 21. f3 h6 22. Kf2 g5 23. a4 Bd3 24. b4 g4 25. f4 Ne4+ 26. Bxe4 dxe4 27. Rc7
Rxc7 28. Bxc7 Rc8 29. Rc1 f6 30. Ke1 Kf7 31. Kd2 Ke8 32. Rc3 Kd7 33. Bb6 Rxc3
34. Kxc3 Kc6 35. Bd8 f5 36. Be7 Kd5 1/2-1/2

[Event "Mistrzostwa Polski Niewidomych"]
[Site "Wagrowiec, ul. Jeziorna 16 OR"]
[Date "2018.??.??"]
[Round "3.6"]
[White "Pawelec, Bartosz"]
[Black "Debowska, Teresa"]
[Result "1-0"]
[WhiteElo "1995"]
[BlackElo "1802"]
[PlyCount "55"]
[EventDate "2018.??.??"]

1. d4 c5 2. dxc5 Qa5+ 3. Nc3 Qxc5 4. e4 d6 5. Nd5 Qa5+ 6. b4 Qd8 7. Bb2 e6 8.
Ne3 a6 9. a4 Nc6 10. b5 axb5 11. axb5 Rxa1 12. Qxa1 Qa5+ 13. Qxa5 Nxa5 14. Bd4
b6 15. Bxb6 Nb7 16. Bc4 Nf6 17. f3 Be7 18. Ne2 Nd7 19. Bd4 O-O 20. Kf2 Bd8 21.
Re1 Ndc5 22. Bd3 Bd7 23. Rb1 Bb6 24. Nc4 Nxd3+ 25. cxd3 Bxd4+ 26. Nxd4 Nc5 27.
Ke3 Rb8 28. Nxd6 1-0

[Event "Mistrzostwa Polski Niewidomych"]
[Site "Wagrowiec, ul. Jeziorna 16 OR"]
[Date "2018.??.??"]
[Round "3.7"]
[White "Mettel, Werner"]
[Black "Wolanski, Michal"]
[Result "1/2-1/2"]
[WhiteElo "1752"]
[BlackElo "1952"]
[PlyCount "124"]
[EventDate "2018.??.??"]

1. e4 c5 2. Nc3 Nc6 3. f4 g6 4. Nf3 Bg7 5. Bc4 e6 6. O-O Nge7 7. d3 O-O 8. a3
Nd4 9. Kh1 b6 10. Nxd4 cxd4 11. Nb5 d6 12. a4 Bb7 13. Bb3 Qd7 14. Na3 d5 15. e5
f6 16. exf6 Rxf6 17. Bd2 Raf8 18. Qg4 h5 19. Qh3 Bh6 20. g3 Nf5 21. Rae1 Kg7
22. Kg1 Bc6 23. Bc1 Bxa4 24. Bxa4 Qxa4 25. Re2 Rc8 26. Rfe1 Kf7 27. Qg2 Bf8 28.
b3 Qa5 29. Nc4 Qb5 30. Ne5+ Kg7 31. Nf3 Bb4 32. Rf1 Bc3 33. Ng5 Ne3 34. Bxe3
dxe3 35. Qh3 Qc6 36. Nf3 d4 37. Ne5 Qd5 38. Qg2 Qxg2+ 39. Kxg2 b5 40. Kf3 Bd2
41. Ke4 Rxc2 42. Nf3 Rc5 43. Nxd2 exd2 44. Rxd2 e5 45. Ra1 a6 46. Rda2 exf4 47.
gxf4 Rcc6 48. Kxd4 Rxf4+ 49. Kd5 Rff6 50. d4 Rcd6+ 51. Ke4 g5 52. d5 Kf7 53.
Ke5 Ke7 54. Rg2 g4 55. h3 Rg6 56. hxg4 Rxg4 57. Rxg4 hxg4 58. Rg1 Rg6 59. Kf5
Rg8 60. Rg3 a5 61. Ke5 a4 62. bxa4 bxa4 1/2-1/2

[Event "Mistrzostwa Polski Niewidomych"]
[Site "Wagrowiec, ul. Jeziorna 16 OR"]
[Date "2018.??.??"]
[Round "3.8"]
[White "Wojcieszyn, Zdzislaw"]
[Black "Huzarski, Stanislaw"]
[Result "1-0"]
[WhiteElo "1887"]
[BlackElo "1758"]
[PlyCount "41"]
[EventDate "2018.??.??"]

1. d4 Nf6 2. c4 e6 3. Nc3 Bb4 4. Qc2 d5 5. a3 Be7 6. Bf4 c6 7. e3 Nbd7 8. Bd3
O-O 9. Nf3 h6 10. g4 Ne8 11. c5 g5 12. Bg3 Ng7 13. h4 f5 14. hxg5 hxg5 15. Be5
Bf6 16. Bd6 Be7 17. Bg3 Qe8 18. O-O-O Bf6 19. Rh6 Be7 20. Rdh1 Nf6 21. Rh8+ 1-0

[Event "Mistrzostwa Polski Niewidomych"]
[Site "Wagrowiec, ul. Jeziorna 16 OR"]
[Date "2018.??.??"]
[Round "3.9"]
[White "Niecko, Stanislaw"]
[Black "Staruch, Roman"]
[Result "1/2-1/2"]
[WhiteElo "1770"]
[BlackElo "1880"]
[PlyCount "64"]
[EventDate "2018.??.??"]

1. Nf3 d5 2. g3 c5 3. Bg2 Nc6 4. d4 e6 5. O-O cxd4 6. Nxd4 Nf6 7. c4 Bc5 8. Be3
Bxd4 9. Bxd4 dxc4 10. Bxc6+ bxc6 11. Bxf6 Qxd1 12. Rxd1 gxf6 13. Rd6 Bb7 14.
Na3 c5 15. Nxc4 Bd5 16. Ne3 Ke7 17. Ra6 Bb7 18. Ra5 Rhc8 19. Rc1 Kd6 20. Rd1+
Kc6 21. Ng4 Kb6 22. Ra3 f5 23. Ne5 Rd8 24. Rb3+ Kc7 25. Rc1 Bd5 26. Rbc3 f6 27.
Rxc5+ Kb6 28. Nd3 Bxa2 29. Rc6+ Kb7 30. Rc7+ Kb6 31. Nb4 Bd5 32. Nxd5+ Rxd5
1/2-1/2

[Event "Mistrzostwa Polski Niewidomych"]
[Site "Wagrowiec, ul. Jeziorna 16 OR"]
[Date "2018.??.??"]
[Round "3.10"]
[White "Stankiewicz, Edward"]
[Black "Kardasz, Wladyslaw"]
[Result "1-0"]
[WhiteElo "1840"]
[BlackElo "1742"]
[PlyCount "27"]
[EventDate "2018.??.??"]

1. d4 Nf6 2. Nf3 e6 3. c4 d5 4. e3 Be7 5. Bd3 a6 6. O-O Nbd7 7. Qe2 O-O 8. Nc3
c6 9. a4 Qc7 10. a5 Re8 11. Rd1 Nf8 12. Bd2 Ng6 13. e4 Bd7 14. e5 1-0

[Event "Mistrzostwa Polski Niewidomych"]
[Site "Wagrowiec, ul. Jeziorna 16 OR"]
[Date "2018.??.??"]
[Round "3.11"]
[White "Baryla, Damian"]
[Black "Raczek, Stanislaw"]
[Result "1/2-1/2"]
[WhiteElo "1811"]
[BlackElo "1550"]
[PlyCount "32"]
[EventDate "2018.??.??"]

1. e4 d6 2. Nc3 c6 3. Nf3 Bg4 4. Be2 e5 5. d4 Bxf3 6. Bxf3 Nd7 7. O-O Be7 8.
Be2 Ngf6 9. dxe5 dxe5 10. Qd3 Nc5 11. Qg3 Nfxe4 12. Nxe4 Nxe4 13. Qxe5 Nf6 14.
Rd1 Qb8 15. Qg5 O-O 16. Bf4 Qe8 1/2-1/2

[Event "Mistrzostwa Polski Niewidomych"]
[Site "Wagrowiec, ul. Jeziorna 16 OR"]
[Date "2018.??.??"]
[Round "3.12"]
[White "Wyrzykowski, Jozef"]
[Black "Chojnowski, Marcin"]
[Result "0-1"]
[WhiteElo "1635"]
[BlackElo "2094"]
[PlyCount "78"]
[EventDate "2018.??.??"]

1. c4 Nf6 2. Nc3 g6 3. g3 Bg7 4. Bg2 O-O 5. Nf3 d6 6. O-O c6 7. d4 Bf5 8. Re1
Ne4 9. Nxe4 Bxe4 10. Ng5 Bxg2 11. Kxg2 d5 12. c5 e5 13. dxe5 Bxe5 14. Rb1 Nd7
15. Qc2 Bg7 16. b4 a5 17. a3 axb4 18. axb4 Ne5 19. Nf3 Nc4 20. Nd2 Nxd2 21.
Bxd2 Re8 22. e3 Re4 23. Bc3 Rc4 24. Rb3 Bxc3 25. Rxc3 Rxb4 26. Rb1 Raa4 27.
Rxb4 Rxb4 28. Qa2 Qe7 29. Qc2 Kg7 30. Rb3 Rxb3 31. Qxb3 Qxc5 32. Qxb7 Qd6 33.
Qb2+ Qf6 34. Qd4 Qxd4 35. exd4 Kf6 36. f3 Ke6 37. Kf2 Kd6 38. Ke3 c5 39. dxc5+
Kxc5 0-1

[Event "Mistrzostwa Polski Niewidomych"]
[Site "Wagrowiec, ul. Jeziorna 16 OR"]
[Date "2018.??.??"]
[Round "3.13"]
[White "Bzowski, Grzegorz"]
[Black "Przewoznik, Emil"]
[Result "0-1"]
[WhiteElo "1621"]
[BlackElo "1812"]
[PlyCount "76"]
[EventDate "2018.??.??"]

1. d4 d5 2. c4 e6 3. Nc3 Nf6 4. Bg5 Be7 5. e3 Nbd7 6. Nf3 h6 7. Bh4 c5 8. dxc5
Qa5 9. Qb3 Nxc5 10. Qb5+ Qxb5 11. Nxb5 Kd7 12. Rd1 a6 13. Nc3 Nce4 14. Nxe4
Nxe4 15. cxd5 Bb4+ 16. Ke2 g5 17. Bg3 Ke7 18. Rd4 Nxg3+ 19. hxg3 Bc5 20. Rc4 b6
21. Nxg5 Bd7 22. Nh3 Bb5 23. Kf3 Bxc4 24. Bxc4 b5 25. Bb3 e5 26. Rc1 Rac8 27.
Ng1 f5 28. Ke2 Rhd8 29. Nf3 Kf6 30. Ne1 e4 31. a3 Bd6 32. Rxc8 Rxc8 33. Nc2 Be5
34. Nd4 Rc1 35. f4 Bxd4 36. exd4 Rb1 37. Kd2 Rxb2+ 38. Kc3 Rxg2 0-1

[Event "Mistrzostwa Polski Niewidomych"]
[Site "Wagrowiec, ul. Jeziorna 16 OR"]
[Date "2018.??.??"]
[Round "3.14"]
[White "Hornik, Bronislaw"]
[Black "Oberc, Ryszard"]
[Result "1-0"]
[WhiteElo "1797"]
[BlackElo "1640"]
[PlyCount "55"]
[EventDate "2018.??.??"]

1. e4 e5 2. Nf3 Nc6 3. Bb5 d6 4. O-O Nf6 5. d3 Bd7 6. c3 a6 7. Ba4 Be7 8. Nbd2
b5 9. Bc2 O-O 10. Re1 Bg4 11. Nf1 Bh5 12. Ne3 Bg6 13. a4 Qd7 14. Nd5 Nxd5 15.
exd5 Nd8 16. axb5 Qxb5 17. c4 Qb7 18. d4 f6 19. Bxg6 hxg6 20. Nh4 Kh7 21. Qg4
g5 22. Qh5+ Kg8 23. Nf5 Rf7 24. Re3 Qb4 25. b3 a5 26. Ba3 Qd2 27. Rh3 Rf8 28.
Nxe7# 1-0

[Event "Mistrzostwa Polski Niewidomych"]
[Site "Wagrowiec, ul. Jeziorna 16 OR"]
[Date "2018.??.??"]
[Round "3.15"]
[White "Baryla, Lukasz"]
[Black "Kulik, Roman"]
[Result "1-0"]
[WhiteElo "1726"]
[BlackElo "1623"]
[PlyCount "35"]
[EventDate "2018.??.??"]

1. e4 e5 2. Nf3 Nf6 3. Nxe5 d6 4. Nf3 Nxe4 5. b3 Nf6 6. d4 Be7 7. Bd3 O-O 8.
Bb2 Nd5 9. Nbd2 Bf6 10. O-O Nc6 11. c3 Nce7 12. Qc2 Nb6 13. Rfe1 Re8 14. Nf1 c6
15. Rac1 Ng6 16. b4 h6 17. a4 a6 18. a5 1-0

[Event "Mistrzostwa Polski Niewidomych"]
[Site "Wagrowiec, ul. Jeziorna 16 OR"]
[Date "2018.??.??"]
[Round "3.16"]
[White "Binkowski, Kazimierz"]
[Black "Szydlowski, Wiktor"]
[Result "1/2-1/2"]
[WhiteElo "1600"]
[BlackElo "1724"]
[PlyCount "22"]
[EventDate "2018.??.??"]

1. c4 e5 2. Nc3 Nf6 3. e4 Bc5 4. d3 a6 5. Bg5 h6 6. Bh4 d6 7. Be2 c6 8. Bxf6
Qxf6 9. Nf3 Bg4 10. O-O Bxf3 11. Bxf3 O-O 1/2-1/2

[Event "Mistrzostwa Polski Niewidomych"]
[Site "Wagrowiec, ul. Jeziorna 16 OR"]
[Date "2018.??.??"]
[Round "3.17"]
[White "Kizym, Lukasz"]
[Black "Gryglewicz, Tadeusz"]
[Result "0-1"]
[WhiteElo "1722"]
[BlackElo "1601"]
[PlyCount "32"]
[EventDate "2018.??.??"]

1. d4 d5 2. Bg5 c6 3. Nd2 Qb6 4. Nb3 Bf5 5. e3 Nf6 6. Bxf6 gxf6 7. Bd3 Bg6 8.
Nf3 Nd7 9. Bxg6 hxg6 10. Qd2 Qc7 11. O-O-O e5 12. dxe5 Nxe5 13. Nbd4 Qb6 14. h3
a5 15. Qc3 Bb4 16. Qb3 a4 0-1

[Event "Mistrzostwa Polski Niewidomych"]
[Site "Wagrowiec, ul. Jeziorna 16 OR"]
[Date "2018.??.??"]
[Round "3.18"]
[White "Malcer, Joanna"]
[Black "Filipiak, Rajmund"]
[Result "0-1"]
[WhiteElo "1567"]
[BlackElo "1706"]
[PlyCount "74"]
[EventDate "2018.??.??"]

1. e4 c6 2. Nc3 d5 3. exd5 cxd5 4. d4 Nc6 5. Nf3 Bg4 6. Be2 Bxf3 7. Bxf3 e6 8.
O-O Nf6 9. Ne2 Be7 10. c3 O-O 11. Ng3 Qc7 12. Bg5 h6 13. Bxf6 Bxf6 14. Qc2 Nxd4
15. Qd3 Nxf3+ 16. Qxf3 Rac8 17. Rad1 Be5 18. Qg4 Qc4 19. Qxc4 Rxc4 20. Ne2 Rfc8
21. g3 g6 22. f4 Bg7 23. Rf3 Re4 24. Kf1 h5 25. h4 b5 26. a3 Rec4 27. Rfd3 Kf8
28. Kg2 Ke7 29. Kf3 a6 30. Nd4 Bxd4 31. Rxd4 Rxd4 32. Rxd4 Rc4 33. Ke3 Kd6 34.
Kd3 f6 35. Ke3 Rxd4 36. Kxd4 e5+ 37. fxe5+ fxe5+ 0-1